000 00728nam a22002057a 4500
005 20251108174645.0
008 250721s2006 xx 000 0 ara d
020 _a9772709678
082 1 4 _aم/025.32/قوا
100 1 _aعبد الهادي، محمد فتحي
_eمترجم
245 1 0 _aقواعد الفهرسة الأنجلو - أمريكية /
250 _aط.2.
264 1 _aالقاهرة :
_bالدار المصرية اللبنانية،
_c2006.
300 _a2.مج
650 1 7 _aقواعد الفهرسه الانجلو اميركيه
700 1 _aجمعة، نبيلة خليفة
_eمترجم
700 1 _aزايد، يسرية عبد الحليم
_eمترجم
942 _2ddc
_cREF
999 _c114677
_d114677